<?xml version="1.0" encoding="UTF-8"?>
<record
    xmlns:xsi="http://www.w3.org/2001/XMLSchema-instance"
    xsi:schemaLocation="http://www.loc.gov/MARC21/slim http://www.loc.gov/standards/marcxml/schema/MARC21slim.xsd"
    xmlns="http://www.loc.gov/MARC21/slim">

  <leader>01217nam a2200217 a 4500</leader>
  <controlfield tag="001">000047995</controlfield>
  <controlfield tag="005">20240320074002.0</controlfield>
  <controlfield tag="008">081212s1995    dr            001 0 spa d</controlfield>
  <datafield tag="040" ind1=" " ind2=" ">
    <subfield code="a">DO-SdBNP</subfield>
    <subfield code="b">spa</subfield>
    <subfield code="c">BNPHU</subfield>
  </datafield>
  <datafield tag="082" ind1=" " ind2=" ">
    <subfield code="a">282.7291</subfield>
    <subfield code="b">M475e</subfield>
  </datafield>
  <datafield tag="100" ind1="1" ind2=" ">
    <subfield code="a">Maza Miquel, Manuel P.,</subfield>
    <subfield code="c">S.J.,</subfield>
    <subfield code="d">1945-</subfield>
    <subfield code="9">708</subfield>
  </datafield>
  <datafield tag="245" ind1="1" ind2="0">
    <subfield code="a">Iglesia cuabana :</subfield>
    <subfield code="b">cinco siglos de desaf&#xED;os y repuestas /</subfield>
    <subfield code="c">Manuel Maza ; editor Rafael Bello Peguero.</subfield>
  </datafield>
  <datafield tag="260" ind1=" " ind2=" ">
    <subfield code="a">Santo Domingo :</subfield>
    <subfield code="b">Amigo del Hogar,</subfield>
    <subfield code="c">1995.</subfield>
  </datafield>
  <datafield tag="300" ind1=" " ind2=" ">
    <subfield code="a">55 p. ;</subfield>
    <subfield code="c">28 cm.</subfield>
  </datafield>
  <datafield tag="504" ind1=" " ind2=" ">
    <subfield code="a">Incluye referencias bibliogr&#xE1;ficas y notas a pie de p&#xE1;ginas</subfield>
  </datafield>
  <datafield tag="505" ind1="0" ind2=" ">
    <subfield code="t">Presentaci&#xF3;n --</subfield>
    <subfield code="t">Desde la conquista hata el primer s&#xED;nodo diocesano (1680) y la llegada del Obispo Compostela en 1687 --</subfield>
    <subfield code="t">Desde del el primer s&#xED;nodo diocesano hasta la muerte del Obispo Espada en 1832 y las medidas anticlericales de los liberales (1830 y 1840 ) --</subfield>
    <subfield code="t">Desde la muerte de Espada (1832) a los inicios de la Rep&#xFA;blica-Protectorado (1902) --</subfield>
    <subfield code="t">El catolicismo cubano durante la Rep&#xFA;blica --</subfield>
    <subfield code="t">La iglesia y la revoluci&#xF3;n --</subfield>
    <subfield code="t">Ep&#xED;logo.</subfield>
  </datafield>
  <datafield tag="590" ind1=" " ind2=" ">
    <subfield code="a">Inventariado, 2018/ VM</subfield>
  </datafield>
  <datafield tag="650" ind1=" " ind2="4">
    <subfield code="a">Iglesia cat&#xF3;lica</subfield>
    <subfield code="z">Cuba</subfield>
    <subfield code="9">709</subfield>
  </datafield>
  <datafield tag="651" ind1=" " ind2="4">
    <subfield code="a">Cuba</subfield>
    <subfield code="x">Historia</subfield>
    <subfield code="9">493</subfield>
  </datafield>
  <datafield tag="700" ind1="1" ind2=" ">
    <subfield code="a">Bello Peguero, Rafael,</subfield>
    <subfield code="d">1932-2022</subfield>
    <subfield code="e">ed.</subfield>
    <subfield code="9">2405</subfield>
  </datafield>
  <datafield tag="952" ind1=" " ind2=" ">
    <subfield code="0">0</subfield>
    <subfield code="1">0</subfield>
    <subfield code="7">1</subfield>
    <subfield code="8">PD</subfield>
    <subfield code="a">PD</subfield>
    <subfield code="b">PD</subfield>
    <subfield code="c">HD</subfield>
    <subfield code="d">2018-10-11</subfield>
    <subfield code="i">LF1</subfield>
    <subfield code="l">0</subfield>
    <subfield code="o">282.7291 M475e</subfield>
    <subfield code="p">47995-10</subfield>
    <subfield code="r">2020-06-25</subfield>
    <subfield code="w">2020-06-25</subfield>
    <subfield code="y">LFPD</subfield>
    <subfield code="Z">No se presta</subfield>
  </datafield>
  <datafield tag="999" ind1=" " ind2=" ">
    <subfield code="c">47483</subfield>
    <subfield code="d">47483</subfield>
  </datafield>
</record>
